Statistiques concernant 5 joueurs, 1 club #4 version NBA

Cliquez ici pour prendre le quiz!

Statistiques générales

  • Ce quiz a été pris 451 fois
  • Le résultat moyen est 19 sur 20

Statistiques - réponses

JoueurClub% Correct
Wilt Chamberlain - Kevin Durant - Tim Hardaway - Stephen Curry - Chris PaulGolden State Warriors
99%
Chris Bosh - Tyler Herro - LeBron James - Udonis Harlem - Jimmy ButlerMiami Heat
99%
Gary Nael - Victor Wembanyama - Manu Ginóbili - Tim Duncan - Johnny MooreSan Antonio Spurs
99%
Bob Cousy - Larry Bird - Bill Russell - Paul Pierce - Al HorfordBoston Celtics
98%
LaMelo Ball - Kemba Walker - Glen Rice - Emeka Okafor - Tony ParkerCharlotte Hornets
98%
Mark Aguirre - Steve Nash - Kristaps Porzingis - Luka Dončić - Kyrie IrvingDallas Mavericks
98%
Pau Gasol - Wilt Chamberlain - Anthony Davis - Carmelo Anthony - LeBron JamesLos Angeles Lakers
98%
James Harden - Allen Iverson - Joel Embiid - Maurice Cheeks - Charles BarkleyPhiladelphie Sixers
97%
Jamal Murray - Carmelo Anthony - Alex English - Mason Plumlee - Nikola JokićDenver Nuggets
96%
Rudy Gobert - Kevin Garnett - Kevin Love - Anthony Edwards - Taj GibsonMinnesota Timberwolves
96%
Lonzo Ball - Scottie Pippen - DeMar DeRozan - Dennis Rodman - Toni KukočChicago Bulls
95%
Kawhi Leonard - DeAndre Jordan - Blake Griffin - J.J Redick - Russell WestbrookLos Angeles Clippers
95%
Steven Adams - Marc Gasol - Ja Morant - Rudy Gay - Dillon BrooksMemphis Grizzlies
95%
Paolo Banchero - Patrick Ewing - Grant Hill - Evan Fournier - Shaquille O’NealOrlando Magic
95%
Dick Van Arsdale - Steve Nash - Devin Booker - Bol Bol - Charles BarkleyPhœnix Suns
94%
Jason Kidd - Julius Erving - James Harden - Brook Lopez - Mikal BridgesBrooklyn Nets
93%
Fred VanVleet - Moses Malone - James Harden - Hakeem Olajuwon - Russel WestbrookHouston Rockets
93%
Donte DiVincenzo - Patrick Ewing - Willy Hernangómez - Earl Monroe - Evan FournierNew York Knicks
92%
Derrick Rose - Ben Wallace - Dennis Rodman - Bob Lanier - Cade CunninghamDétroit Pistons
91%
Kyle Kuzma - Michael Jordan - Earl Monroe - Marcin Gortat - Bradley BealWashington Wizards
91%

Distribution des résultats

Percentile par nombre de réponses

% des personnes avec chaque résultat

Votre développement - résultats

Vous n’avez pas pris ce quiz